WHAT'S THE LOGO - Statistics

General Stats
  • This quiz has been taken 25 times
  • The average score is 12 of 20
Answer Stats
Picture Answer % Correct
PINTEREST
86%
AMAZON
71%
HOME DEPOT
71%
KFC
71%
PLAYBOY
71%
STARBUCKS
71%
AIRBNB
67%
KRISPY KREME
67%
LITTLE CAESAR'S
67%
BENTLEY
62%
GAME STOP
62%
SONIC
62%
FERRARI
57%
FUJI
57%
PACERS
57%
CUBS
52%
REDDIT
52%
TEXAS INSTRUMENTS
52%
PATAGONIA
43%
WHATABURGER
43%
No matching quizzes found
Score Distribution
Percent of People with Each Score
Percentile by Number Answered
Your Score History
You have not taken this quiz